Scientific thought in the American colleges, 1638-1800. / (Record no. 6878)
[ view plain ]
| 000 -LEADER | |
|---|---|
| fixed length control field | 00864cam a2200253 4500 |
| 001 - CONTROL NUMBER | |
| control field | 6878 |
| 003 - CONTROL NUMBER IDENTIFIER | |
| rucl marc code | BD-RjUL |
| 005 - DATE AND TIME OF LATEST TRANSACTION | |
| control field | 20211208234330.0 |
| 008 - FIXED-LENGTH DATA ELEMENTS--GENERAL INFORMATION | |
| fixed length control field | 120114s1946 nyua b 000 0 eng |
| 035 ## - SYSTEM CONTROL NUMBER | |
| System control number | (BD-RjUL)6920 |
| 040 ## - CATALOGING SOURCE | |
| Original cataloging agency | DLC |
| Transcribing agency | DLC |
| Modifying agency | DLC |
| -- | BD-RjUL |
| Language of cataloging | eng |
| 041 ## - LANGUAGE CODE | |
| Language code of text/sound track or separate title | eng |
| 082 00 - DEWEY DECIMAL CLASSIFICATION NUMBER | |
| Classification number | 507.1173 |
| Edition number | 18 |
| Author mark and year | HOS 1946 |
| 100 1# - MAIN ENTRY--PERSONAL NAME | |
| Personal name | Hornberger, Theodore, |
| Dates associated with a name | 1906-1975. |
| 9 (RLIN) | 21602 |
| 245 10 - TITLE STATEMENT | |
| Title | Scientific thought in the American colleges, 1638-1800. / |
| Statement of responsibility, etc. | Theodore Hornberger. |
| 260 ## - PUBLICATION, DISTRIBUTION, ETC. (IMPRINT) | |
| Place of publication, distribution, etc. | Austin : |
| Name of publisher, distributor, etc. | University of Texas Press, |
| Date of publication, distribution, etc. | c1946. |
| 300 ## - PHYSICAL DESCRIPTION | |
| Pagination | 108 p. ; |
| Illustrations | illus. ; |
| Size | 22 cm. |
| 504 ## - BIBLIOGRAPHY, ETC. NOTE | |
| Bibliography, etc | Bibliographical references included in "Notes" (p. [89]-103) |
| 650 #0 - SUBJECT ADDED ENTRY--TOPICAL TERM | |
| Topical term or geographic name as entry element | Science |
| General subdivision | Study and teaching (Higher) |
| Geographic subdivision | United States. |
| 9 (RLIN) | 21603 |
| Topical term or geographic name as entry element | Universities and colleges |
| Geographic subdivision | United States. |
| 9 (RLIN) | 16733 |
| 942 ## - ADDED ENTRY ELEMENTS (KOHA) | |
| Source of classification or shelving scheme | Dewey Decimal Classification |
| Koha item type | Books |
| Lost status | Source of classification or shelving scheme | Damaged status | Not for loan | Permanent Location | Current Location | Shelving location | Date acquired | Source of acquisition | Cost, normal purchase price | Total Checkouts | Full call number | Date last seen | Copy number | Koha item type |
|---|---|---|---|---|---|---|---|---|---|---|---|---|---|---|
| Dewey Decimal Classification | Not For Loan | Central Library, University of Rajshahi | Central Library, University of Rajshahi | 24/02/1958 | U.S.I.S | 0.00 | 507.1173 HOS 1946 | 12/01/2014 | C-1 | Books |